<?xml version="1.0" encoding="UTF-8"?><?xml-stylesheet type="text/xsl" href="static/style.xsl"?><OAI-PMH xmlns="http://www.openarchives.org/OAI/2.0/" xmlns:xsi="http://www.w3.org/2001/XMLSchema-instance" xsi:schemaLocation="http://www.openarchives.org/OAI/2.0/ http://www.openarchives.org/OAI/2.0/OAI-PMH.xsd"><responseDate>2026-04-17T02:41:30Z</responseDate><request verb="GetRecord" identifier="oai:www.recercat.cat:10459.1/69174" metadataPrefix="marc">https://recercat.cat/oai/request</request><GetRecord><record><header><identifier>oai:recercat.cat:10459.1/69174</identifier><datestamp>2024-12-05T21:28:06Z</datestamp><setSpec>com_2072_3622</setSpec><setSpec>col_2072_479130</setSpec></header><metadata><record xmlns="http://www.loc.gov/MARC21/slim" xmlns:dcterms="http://purl.org/dc/terms/" xmlns:xsi="http://www.w3.org/2001/XMLSchema-instance" xmlns:doc="http://www.lyncode.com/xoai" xsi:schemaLocation="http://www.loc.gov/MARC21/slim http://www.loc.gov/standards/marcxml/schema/MARC21slim.xsd">
   <leader>00925njm 22002777a 4500</leader>
   <datafield ind2=" " ind1=" " tag="042">
      <subfield code="a">dc</subfield>
   </datafield>
   <datafield ind2=" " ind1=" " tag="720">
      <subfield code="a">Rocaspana-Garcia, Mariona</subfield>
      <subfield code="e">author</subfield>
   </datafield>
   <datafield ind2=" " ind1=" " tag="260">
      <subfield code="c">2020-06-30T11:17:03Z</subfield>
   </datafield>
   <datafield ind2=" " ind1=" " tag="260">
      <subfield code="c">2020-07-24T02:00:11Z</subfield>
   </datafield>
   <datafield ind2=" " ind1=" " tag="260">
      <subfield code="c">2019-07-25</subfield>
   </datafield>
   <datafield ind2=" " ind1=" " tag="520">
      <subfield code="a">Hi ha un risc de malnutrició elevat en la població anciana i aquest risc és més gran en els pacients amb Malaltia d'Alzheimer (MA).&#xd;
La finalitat d'aquesta investigació va ser avaluar l'estat nutricional dels pacients amb MA en les diferents etapes de la malaltia i explorar com aquest estat es correlaciona amb les variables cognitives, funcionals, conductuals i el nivell de sobrecàrrega dels cuidadors.&#xd;
Es va realitzar un estudi observacional descriptiu prospectiu. La mostra estudiada en la valoració inicial va ser de 101 pacients i de 73 a la revaloració.&#xd;
Es va evidenciar que hi ha un risc de malnutrició elevat en els pacients amb MA i aquest pitjor estat nutricional es va correlacionar amb la situació cognitiva, conductual, funcional i el grau de sobrecàrrega del cuidador. L'escassa adhesió a la dieta mediterrània obliga a incrementar l'educació dietètica en aquest grup de pacients per millorar, en la mesura del possible, el seu pronòstic.</subfield>
   </datafield>
   <datafield ind2=" " ind1=" " tag="520">
      <subfield code="a">Existe un riesgo de malnutrición elevado en la población anciana y este riesgo es mayor en los pacientes con Enfermedad de Alzheimer (EA).&#xd;
La finalidad de esta investigación fue evaluar el estado nutricional de los pacientes con EA en las diferentes etapas de la enfermedad y explorar cómo este estado se correlaciona con las variables cognitivas, funcionales, conductuales y el nivel de sobrecarga de los cuidadores.&#xd;
Se realizó un estudio observacional descriptivo prospectivo. La muestra estudiada en la valoración inicial fue de 101 pacientes y de 73 en la revaloración.&#xd;
Se evidenció que existe un riesgo de malnutrición elevado en los pacientes con EA y este peor estado nutricional se correlacionó con la situación cognitiva, conductual, funcional y el grado de sobrecarga del cuidador. La escasa adhesión a la dieta mediterránea obliga a incrementar la educación dietética en este grupo de pacientes para mejorar, en la medida de lo posible, su pronóstico.</subfield>
   </datafield>
   <datafield ind2=" " ind1=" " tag="520">
      <subfield code="a">There is a high risk of malnutrition in the elderly population and this risk is higher in patients with Alzheimer's disease (AD).&#xd;
The purpose of this investigation was to evaluate the nutritional status of patients with AD in the different stages of the disease and to explore how this state correlates with the cognitive, functional, and behavioral variables and the level of overload of the caregivers.&#xd;
A prospective descriptive observational study was carried out. The sample studied in the initial assessment was 101 patients and 73 in the reassessment.&#xd;
It was evidenced that there is a high risk of malnutrition in patients with AD and this worse nutritional status was correlated with the cognitive, behavioral, functional situation and the degree of overload of the caregiver. The lack of adherence to the Mediterranean diet requires increasing dietary education in this group of patients to improve, as far as possible, their prognosis.</subfield>
   </datafield>
   <datafield ind1="8" ind2=" " tag="024">
      <subfield code="a">http://hdl.handle.net/10459.1/69174</subfield>
   </datafield>
   <datafield tag="653" ind2=" " ind1=" ">
      <subfield code="a">Malaltia d'Alzheimer</subfield>
   </datafield>
   <datafield tag="653" ind2=" " ind1=" ">
      <subfield code="a">Dieta Mediterrània</subfield>
   </datafield>
   <datafield tag="653" ind2=" " ind1=" ">
      <subfield code="a">Estat nutricional</subfield>
   </datafield>
   <datafield tag="653" ind2=" " ind1=" ">
      <subfield code="a">Enfermedad de Alzheimer</subfield>
   </datafield>
   <datafield tag="653" ind2=" " ind1=" ">
      <subfield code="a">Dieta Mediterránea</subfield>
   </datafield>
   <datafield tag="653" ind2=" " ind1=" ">
      <subfield code="a">Estado nutricional</subfield>
   </datafield>
   <datafield tag="653" ind2=" " ind1=" ">
      <subfield code="a">Alzheimer's disease</subfield>
   </datafield>
   <datafield tag="653" ind2=" " ind1=" ">
      <subfield code="a">Mediterranean diet</subfield>
   </datafield>
   <datafield tag="653" ind2=" " ind1=" ">
      <subfield code="a">Nutritional status</subfield>
   </datafield>
   <datafield tag="653" ind2=" " ind1=" ">
      <subfield code="a">Infermeria</subfield>
   </datafield>
   <datafield tag="653" ind2=" " ind1=" ">
      <subfield code="a">614</subfield>
   </datafield>
   <datafield ind2="0" ind1="0" tag="245">
      <subfield code="a">Valoración de la evolución del estado nutricional y su relación con la función cognitiva, conductual y funcional de las personas con Enfermedad de Alzheimer en la Región Sanitaria de Lleida</subfield>
   </datafield>
</record></metadata></record></GetRecord></OAI-PMH>